Joueurs étrangers du top 14 saison 2023/2024 - Statistiques

Statistiques générales
  • Ce quiz a été pris 44 fois
  • Le résultat moyen est 44 sur 219
Statistiques - réponses
Clubs Joueurs % Correct
Stade Toulousain Capuozzo
75%
Stade toulousain Mallia
75%
Stade Toulousain Arnold
72%
Stade Toulousain Willis
72%
Stade Toulousain Ahki
69%
Stade Toulousain Chocobares
69%
Stade Rochelais Skelton
59%
Stade Toulousain Kinghorn
53%
Racing 92 Tuisova
53%
Stade Rochelais Botia
50%
Stade Toulousain Merkler
50%
LOU Rugby Niniashvili
50%
Aviron Bayonnais | Union Bordeaux Bègles Tatafu
50%
Rugby Club Toulonnais White
50%
Rugby Club Toulonnais Biggar
47%
Stade Toulousain Laulala
47%
Stade Rochelais Leyds
47%
Stade Toulousain Ainu'u
44%
ASM Clermont Auvergne Delguy
44%
Rugby Club Toulonnais Garbisi
44%
Rugby Club Toulonnais Gigashvili
44%
Stade Rochelais Kerr Barlow
44%
LOU Rugby Radradra
44%
Stade Français Paris Ward
44%
Section Paloise Whitelock
44%
Racing 92 Kolisi
41%
ASM Clermont Auvergne Lee
41%
Stade Rochelais Seuteni
41%
Montpellier Hérault Rugby | Section Paloise Simmonds
41%
Union Bordeaux Bègles Tameifuna
41%
Castres Olympique Botitu
38%
Stade Rochelais Nowell
38%
Castres Olympique Arata
34%
Racing 92 Arundell
34%
ASM Clermont Auvergne Kremer
34%
Rugby Club Toulonnais Wainiqolo
34%
LOU Rugby Allen
31%
ASM Clermont Auvergne Fainga'a
31%
Stade Français Paris Habel Kueffner
31%
Rugby Club Toulonnais Isa
31%
Castres Olympique Nakarawa
31%
ASM Clermont Auvergne Newsome
31%
Stade Rochelais Rhule
31%
Rugby Club Toulonnais Ribbans
31%
Union Bordeaux Bègles Tambwe
31%
ASM Clermont Auvergne Urdapilleta
31%
Stade Rochelais West
31%
USAP Perpignan Allan
28%
Aviron Bayonnais Bosch
28%
USAP Perpignan Crossdale
28%
Stade Rochelais Dillane
28%
Union Bordeaux Bègles Holmes
28%
Aviron Bayonnais Maqala
28%
Rugby Club Toulonnais Paia'aua
28%
Union Bordeaux Bègles Petti
28%
Stade Rochelais Sclavi
28%
Castres Olympique Staniforth
28%
Racing 92 Tedder
28%
ASM Clermont Auvergne Yato
28%
Aviron Bayonnais Carreras
25%
Stade Français Paris Dakuwaka
25%
Union Bordeaux Bègles Douglas
25%
Rugby Club Toulonnais Du Preez
25%
Rugby Club Toulonnais Fainga'anuku
25%
Oyonnax Rugby Farrell
25%
Section Paloise Gorgadze
25%
Racing 92 Habosi
25%
Montpellier Hérault Rugby | USAP Perpignan Lam
25%
ASM Clermont Auvergne Lavanini
25%
Stade Français Paris Marchant
25%
ASM Clermont Auvergne Moala
25%
Rugby Club Toulonnais Nayacalevu
25%
USAP Perpignan Oviedo
25%
Montpellier Hérault Rugby Reinach
25%
Union Bordeaux Bègles Tapuai
25%
Rugby Club Toulonnais Tuicuvu
25%
USAP Perpignan Veredamu
25%
Rugby Club Toulonnais Alainu'uese
22%
Rugby Club Toulonnais Brookes
22%
Aviron Bayonnais Cassiem
22%
Castres Olympique Cocagi
22%
Montpellier Hérault Rugby Dakuwaqa
22%
USAP Perpignan De la Fuente
22%
Stade Toulousain Fa'asalele
22%
Stade Français Paris Kockott
22%
Stade Rochelais Latu
22%
Section Paloise Maddocks
22%
Castres Olympique Nakosi
22%
USAP Perpignan Naqalevu
22%
Racing 92 Nyakane
22%
Union Bordeaux Bègles Samu
22%
ASM Clermont Auvergne Simmons
22%
ASM Clermont Auvergne Simone
22%
Stade Français Paris Alo Emile
19%
Stade Toulousain Bituniyata
19%
Union Bordeaux Bègles Coleman
19%
Castres Olympique Goodhue
19%
Stade Français Paris Henry
19%
USAP Perpignan Mcintyre
19%
Union Bordeaux Bègles Sadie
19%
Montpellier Hérault Rugby Serfontein
19%
Stade Français Paris Abramishvili
16%
Castres Olympique Champion de Crespigny
16%
Castres Olympique Chilachava
16%
Racing 92 Imhoff
16%
LOU Rugby Ioane
16%
Union Bordeaux Bègles Kaulashvili
16%
Oyonnax Rugby Miotti
16%
Castres Olympique Papali'i
16%
Section Paloise Robson
16%
Oyonnax Rugby Ruru
16%
Rugby Club Toulonnais Singleton
16%
LOU Rugby Smith
16%
ASM Clermont Auvergne Sowakula
16%
Stade Français Paris Van der Mescht
16%
Montpellier Hérault Rugby Williams
16%
LOU Rugby Botha
13%
Section Paloise Calles
13%
USAP Perpignan Ceccarelli
13%
Aviron Bayonnais Hodge
13%
Section Paloise Manu
13%
Union Bordeaux Bègles Marais
13%
Stade Français Paris Naivalu
13%
ASM Clermont Auvergne Ojovan
13%
USAP Perpignan Orie
13%
Castres Olympique Pieterse
13%
Castres Olympique Raisuqe
13%
Racing 92 Rowlands
13%
USAP Perpignan Ruiz
13%
Castres Olympique Thomas
13%
USAP Perpignan Van Tonder
13%
Racing 92 Wade
13%
Oyonnax Rugby Battye
9%
Montpellier Hérault Rugby Bridge
9%
Aviron Bayonnais Buliruarua
9%
Stade Rochelais Daunivucu
9%
USAP Perpignan Dugivalu
9%
USAP Perpignan Fa'aso'o
9%
Stade Français Paris Gomez Kodela
9%
Oyonnax Rugby Grice
9%
Montpellier Hérault Rugby Janse Van Rensburg
9%
Montpellier Hérault Rugby Karkadze
9%
LOU Rugby | Racing 92 Kpoku
9%
Stade Rochelais Kuntelia
9%
Oyonnax Rugby Mensa
9%
Aviron Bayonnais Mikautadze
9%
Aviron Bayonnais Mori
9%
Racing 92 Naituvi
9%
Aviron Bayonnais Paulos
9%
Racing 92 Poloniati
9%
Aviron Bayonnais Tagi
9%
Section Paloise Tagitagivalu
9%
Section Paloise Vatubua
9%
Stade Français Paris Weber
9%
LOU Rugby Abrahams
6%
Aviron Bayonnais Bruni
6%
Section Paloise Gigena
6%
Stade Français Paris Halaifonua
6%
Racing 92 Hall
6%
Section Paloise Hewat
6%
LOU Rugby Jackson
6%
Montpellier Hérault Rugby Japaridze
6%
Stade Français Paris Melikidze
6%
LOU Rugby Powell
6%
USAP Perpignan Roelofse
6%
Racing 92 Saili
6%
USAP Perpignan Sawailau
6%
Oyonnax Rugby Stark
6%
USAP Perpignan Tetrashvili
6%
Castres Olympique Tierney
6%
Section Paloise Tokolahi
6%
Aviron Bayonnais Aprasidze
3%
Castres Olympique Ardron
3%
Oyonnax Rugby Bettencourt
3%
LOU Rugby Coltman
3%
Montpellier Hérault Rugby Duguid
3%
Section Paloise Fisi'ihoi
3%
LOU Rugby Godwin
3%
Racing 92 Gogichashvili
3%
Stade Français Paris Kakovin
3%
Racing 92 Kharaishvili
3%
Montpellier Hérault Rugby Lamositele
3%
Oyonnax Rugby Lobzhanidze
3%
Oyonnax Rugby Mafi
3%
LOU Rugby Maraku
3%
Aviron Bayonnais Morahan
3%
Oyonnax Rugby Ravouvou
3%
LOU Rugby Saginadze
3%
Aviron Bayonnais Scholtz
3%
Oyonnax Rugby Sweetnam
3%
Racing 92 Tabuavu
3%
LOU Rugby | Union Bordeaux Bègles Taufa
3%
USAP Perpignan Taumoepeau
3%
Section Paloise Tuimaba
3%
Montpellier Hérault Rugby Tu'inukuafe
3%
Castres Olympique Waqaninavatu
3%
Section Paloise Cummins
0%
ASM Clermont Auvergne Dzamanashvili
0%
USAP Perpignan Eru
0%
LOU Rugby Fotuaika
0%
Oyonnax Rugby Hamilton
0%
USAP Perpignan Jintcharadze
0%
Oyonnax Rugby Johnson
0%
Racing 92 Kamikamka
0%
Oyonnax Rugby Leiataua
0%
Aviron Bayonnais Leindekar
0%
Montpellier Hérault Rugby Macharashvili
0%
Oyonnax Rugby Mirtskhulava
0%
Montpellier Hérault Rugby Paenga-Amosa
0%
Section Paloise Papidze
0%
Oyonnax Rugby Sutherland
0%
Stade Français Paris Tsutskiridze
0%
Aucun quiz correspondant
Distribution des résultats
% des personnes avec chaque résultat
Percentile par nombre de réponses
Votre historique - résultats
Vous n’avez pas pris ce quiz